000 00754nam a2200229Ia 4500
003 GCL
008 140319s9999 xx 000 0 ara d
040 _aGCL /
_cGCL
082 0 4 _aق
_b071.962
_bن ص
100 1 _aنجوى كامل
245 1 0 _aالصحافة الوفدية والقضايا الوطنية (1919 - 1936) /
_cنجوى كامل
260 _a[S.N] :
_bالهيئة المصرية العامة للكتاب
300 _a286 ص
490 _aتاريخ المصريين
_v0
650 0 4 _aمصر
650 0 4 _aتاريخ
650 0 4 _aالاستقلال
650 0 4 _aالصحافة المصرية
650 0 4 _aالملك فؤاد
650 0 4 _aمصر - تاريخ - العصر الحديث - ثورة 1919
942 _2ddc
_cBK
999 _c51860
_d51860